| 000 | 00906nam a2200241 a 4500 | ||
|---|---|---|---|
| 001 | 000046361 | ||
| 005 | 20260302104244.0 | ||
| 008 | 091027s2002 dr r 000 f spa d | ||
| 040 |
_aDO-SdBNP _bspa _cBNPHU |
||
| 082 |
_aRD863.44 _bA473n |
||
| 100 | 1 |
_aÁlvarez, Julia, _d1950- _95624 |
|
| 245 | 1 | 0 |
_aEn el nombre de Salomé / _cJulia Álvarez ; traducción Ruth Herrera, Hyden Carrón. |
| 260 |
_aSanto Domingo : _bAlfaguara, _c2002. |
||
| 300 |
_a39 p. ; _c14 cm. |
||
| 590 | _aPerteneció a la biblioteca personal de Chiqui Vicioso/Fidelio Despradel | ||
| 600 | 1 | 4 |
_aUREÑA DE HENRÍQUEZ, SALOMÉ, _d1850-1897 _xNOVELA _927803 |
| 600 | 1 | 4 |
_aHENRÍQUEZ UREÑA, CAMILA, _d1894-1973 _xNOVELA _927804 |
| 650 | 0 |
_aNovela dominicana _9223 |
|
| 650 | 0 |
_aLiteratura dominicana. _967 |
|
| 700 | 1 | 2 |
_aHerrera, Ruth _etr. _930238 |
| 700 | 1 | 2 |
_aCarrón, Hyden _etr. _974390 |
| 910 | _aValidado. Control de calidad. MFF | ||
| 999 |
_c45850 _d45850 |
||